• 首页
  • 本馆介绍
  • 公告通知
  • 最新文献
  • 馆藏检索
  • 电子资源
  • 读者导购
  • 参考咨询
  • 我的图书馆
  • 登录
  • 详细信息显示
  • 放入我的书架
  • 预约/预借图书
  • 作者相关作品
  • 分类相关作品
  • 丛书相关作品
  • 出版社相关作品

书目信息

  • 表格格式
  • 工作单格式
  • 卡片格式
题名:
古典动力学
    
 
作者: 吴大猷 著
分册:  
出版信息: 北京   科学出版社  1983.5
页数: 299页
开本: 21cm
丛书名: 理论物理
单 册:
中图分类: O313
科图分类:
主题词: 理论力学 , 一般力学
电子资源:
ISBN:
000 00596nam0 2200229 45
001 0405180906
005 20040518095236.7
010    @b精装@dCNY3.25
100    @a20040518d1983 km y0chiy0120 ea
101 0  @achi
105    @a z 000yy
200 1  @a古典动力学@AGu Dian Dong Li Xue@f吴大猷著@FWu Da You Zhu
210    @a北京@c科学出版社@d1983.5
215    @a299页@d21cm
225    @a理论物理@h第一册
410    @12001 @a理论物理
606 0  @a理论力学
606 0  @a一般力学
690    @aO313@v3
701  0 @a吴大猷@4著
801    @aCN@bPftUser@c20040518
905    @f2@b148767-768@dO313@e1
    
    古典动力学/吴大猷著.-北京:科学出版社,1983.5
    299页;21cm.-(理论物理.第一册)
    
    
    ISBN (精装):CNY3.25
    
●
相关链接 在E读中查询图书 在五车中查询图书 在当当中查询图书 在豆瓣中查询图书


正题名:古典动力学     索取号:O313/1         预约/预借

序号 登录号 条形码 馆藏地/架位号 状态 备注
1 0148767   000384300   第三借阅区/ [索取号:O313/1] 在馆    
2 0148768   000384293   第三借阅区/ [索取号:O313/1] 在馆    
唐山师范学院图书馆 欢迎您!
大连网信软件有限公司© 版权所有